• 首页
  • 本馆介绍
  • 公告通知
  • 最新文献
  • 馆藏检索
  • 电子资源
  • 读者导购
  • 参考咨询
  • 我的图书馆
  • 登录
  • 详细信息显示
  • 放入我的书架
  • 预约/预借图书
  • 作者相关作品
  • 分类相关作品
  • 丛书相关作品
  • 出版社相关作品

书目信息

  • 表格格式
  • 工作单格式
  • 卡片格式
题名:
学校课余训练改革新视野
    
 
作者: 杨铁黎 , 陈钧 著
分册:  
出版信息: 北京   北京体育大学出版社  2003.01
页数: 264页
开本: 20cm
丛书名: 学校体育改革新视野丛书
单 册:
中图分类: G807.01
科图分类:
主题词: 学校体育--Xue Xiao Ti Yu--教学改革--研究
电子资源:
ISBN: 7-81051-802-X
000 01150nam 2200289 450
001 CAL 012003094247
005 20040512163055.9
010    @a7-81051-802-X@dCNY20.00
099    @aCAL 012003094247
100    @a20041220d2003 ekmy0chiy0121 ea
101 0  @achi
102    @aCN@b110000
105    @aak a 000yy
200 1  @a学校课余训练改革新视野@AXue Xiao Ke Yu Xun Lian Gai Ge Xin Shi Ye@f杨铁黎, 陈钧著@Fyang tie li,chen jun zhu
210    @a北京@c北京体育大学出版社@d2003.01
215    @a264页@c图@d20cm
225 2  @a学校体育改革新视野丛书
330    @a本书作者系长期研究学校体育者,他们面对理论上的种种困惑,鼓足勇气、奋起挑战,以几本小书的形式试从一些新的视角对中国学校体育的改革进行一番剖析。全书共分九章,力图能激发一些新的思考,促进一些新的研究,鼓起一些新的勇气,掀起一些新的争论,促进一些新问题的解决,并产生一些新的动力。
410  0 @12001 @a学校体育改革新视野丛书
606 0  @a学校体育@AXue Xiao Ti Yu@x教学改革@x研究
690    @aG807.01@v4
701  0 @a杨铁黎@Ayang tie li@4著
701  0 @a陈钧@Achen jun@4著
801  0 @aCN@bNUL@c20041220
905    @aBZT@dG807.01@e2@f6
906    @dCNY20.00@n0@r1
998    @aNUL
    
    学校课余训练改革新视野/杨铁黎, 陈钧著.-北京:北京体育大学出版社,2003.01
    264页:图;20cm.-(学校体育改革新视野丛书)
    
    
    ISBN 7-81051-802-X:CNY20.00
    本书作者系长期研究学校体育者,他们面对理论上的种种困惑,鼓足勇气、奋起挑战,以几本小书的形式试从一些新的视角对中国学校体育的改革进行一番剖析。全书共分九章,力图能激发一些新的思考,促进一些新的研究,鼓起一些新的勇气,掀起一些新的争论,促进一些新问题的解决,并产生一些新的动力。
●
相关链接 在五车中查询图书 在当当中查询图书 在豆瓣中查询图书


正题名:学校课余训练改革新视野     索取号:G807.01/2         预约/预借

序号 登录号 条形码 馆藏地/架位号 状态 备注
1 0376529   200888325   样本书库/样008架A面3层2列/ [索取号:G807.01/2] 在馆    
2 0376530   200888334   中心书库北库/ 北库026架A面1列3层46/ [索取号:G807.01/2] 在馆    
3 0376531   200888307   中心书库北库/ 北库026架A面1列3层49/ [索取号:G807.01/2] 在馆    
4 0376532   200888316   中心书库北库/ 北库026架A面1列3层45/ [索取号:G807.01/2] 在馆    
5 0376533   200888281   中心书库北库/ 北库026架A面1列3层47/ [索取号:G807.01/2] 在馆    
6 0376534   200888290   中心书库北库/ 北库026架A面1列3层48/ [索取号:G807.01/2] 在馆    
山东省滨州职业学院图书馆 欢迎您!
大连网信软件有限公司© 版权所有